Guess the Real Flag - Statistics

General Stats
  • This quiz has been taken 34 times
  • The average score is 15 of 20
Answer Stats
Question Tile Select % Correct
USA Yes
96%
USA No
96%
Seychelles Yes
92%
Antigua and Barbuda Yes
88%
Seychelles No
88%
Marshall Islands Yes
85%
Philippines No
81%
Philippines Yes
81%
Uzbekistan Yes
81%
Marshall Islands No
81%
Antigua and Barbuda No
81%
Uzbekistan No
77%
Burundi Yes
65%
Congo Yes
62%
Burundi No
62%
Congo No
58%
Sri Lanka Yes
54%
Sri Lanka No
54%
Tuvalu Yes
54%
Tuvalu No
54%
No matching quizzes found
Score Distribution
Percent of People with Each Score
Percentile by Number Answered
Your Score History
You have not taken this quiz